000 00372 a2200169 4500
001 187330
020 _a85-00-00795-8
040 _cMagnum
100 _aYalom, Irvin
240 1 0 _aQuando nietzsche chorou
_lpor
245 1 0 _aQuando nietzsche chorou
300 _a407
362 0 _a2005
440 1 _aEdiouro
697 _aLITERATURA GERAL ESTRANGEIRA
942 _cBK
999 _c187330
_d187330